Online
Catalog

Anatomia del film / (Record no. 41209)

MARC details
000 -CABECERA
campo de control de longitud fija 00593nam a2200181 a 4500
001 - NÚMERO DE CONTROL
campo de control 000041720
005 - FECHA Y HORA DE LA ÚLTIMA TRANSACCIÓN
campo de control 20201002035722.0
008 - DATOS DE LONGITUD FIJA--INFORMACIÓN GENERAL
campo de control de longitud fija 131016s1981 mx a 000 0 spa d
040 ## - FUENTE DE LA CATALOGACIÓN
Centro catalogador/agencia de origen DO-SdBNP
Lengua de catalogación spa
Centro/agencia transcriptor BNPHU
082 ## - NÚMERO DE LA CLASIFICACIÓN DECIMAL DEWEY
Número de clasificación xxx
Número de documento/Ítem xxx
100 1# - ENTRADA PRINCIPAL--NOMBRE DE PERSONA
Nombre de persona Dick, Bernard F.
9 (RLIN) 68545
240 10 - TÍTULO UNIFORME
Título uniforme Anatomy of film.
Lenguaje de la obra inglés
245 10 - MENCIÓN DE TÍTULO
Título Anatomia del film /
Mención de responsabilidad, etc. Bernard F. Dick. ; traducción al español de María Elisa Moreno.
260 ## - PUBLICACIÓN, DISTRIBUCIÓN, ETC.
Lugar de publicación, distribución, etc. México, D. F.
-- Noema,
Fecha de publicación, distribución, etc. 1981.
300 ## - DESCRIPCIÓN FÍSICA
Extensión 183 p. :
Otras características físicas il., retrs. ;
Dimensiones 21 cm.
504 ## - NOTA DE BIBLIOGRAFÍA, ETC.
Nota de bibliografía, etc. Bibliografía : p. 166-170
700 1# - PUNTO DE ACCESO ADICIONAL--NOMBRE DE PERSONA
Nombre de persona Moreno, María Elisa
Término indicativo de función/relación tr.
9 (RLIN) 68546
Holdings
Estado de retiro Estado de pérdida Restricciones de uso No para préstamo Código de colección Localización permanente Ubicación/localización actual Ubicación en estantería Fecha de adquisición Número de inventario Total de préstamos Signatura topográfica completa Código de barras Fecha visto por última vez Precio válido a partir de Tipo de ítem Koha
      Excluido de préstamo Monografías: Libros y Folletos General General En catalogación 16.10.2013 LF1   xxx xxx 41720-10 25.06.2020 25.06.2020 No se presta

Powered by Koha